00658nam a2200241 a 4500001001300000003000900013005001700022008004100039020001000080082001300090100001700103245002600120260004400146300000800190500003500198505001000233650001300243700001700256902000800273942000700281952011300288999001500401nice12345678IN_TiNIC20260116011728.0050524s1971 boma grp 000 0 eng  ac10000a230bSIN aSingh, Bakht aForty Mountain Peaks. aBombaybGospel Literature Servicec1971 a95p aincludes index and biblioraphy2 aIndex aTheology1 aSingh, Bakht bSRS cBK 001040708StackRoom-aHMIbHMId2007-06-12g100.00l0o230 SINp06131r2007-06-12v100.00w2005-05-24yBK c3570d3570